| 000 | 00691nam a2200145 a 4500 | ||
|---|---|---|---|
| 008 | 120416s2001 ||||||||||||||||| || u | ||
| 020 | _a0074638211 | ||
| 050 | _aHF 5694 Sah | ||
| 100 | _aSaha, Suranjan | ||
| 245 | 1 | 0 | _aQuantitative methods: problems and solutions for CWA intermediate examination |
| 260 |
_aNew Delhi: _bTata McGraw-Hill _c2001 |
||
| 350 | _a0.00 | ||
| 995 |
_aMAIN LIBRARY OPEN ACCESS _D0.00 _e732247 _FCBU-MAIN LIBRARY (Kitwe) _H4 _I70.00 _jHF 5694 Sah _M4 _UAVAILABLE _WJun 27, 2006 _y029904 _ZMain Library Open Access Collection |
||
| 995 |
_aBINDERY (DAMAGED) _D0.00 _e732248 _FCBU-MAIN LIBRARY (Kitwe) _H1 _I70.00 _jHF 5694 Sah _M1 _UDAMAGED _y029905 _ZMain Library Open Access Collection |
||
| 999 |
_c79921 _d79921 |
||